| 000 | 00550nam a2200181Ia 4500 | ||
|---|---|---|---|
| 003 | GCL | ||
| 008 | 140319s9999 xx 000 0 ara d | ||
| 040 |
_aGCL / _cGCL |
||
| 082 | 0 | 4 |
_a813.03 _bا م |
| 100 | 1 | _aالطيب صالح | |
| 245 | 1 | 0 |
_aموسم الهجرة الى الشمال / _cالطيب صالح |
| 260 |
_aالقاهرة : _bدار العين للنشر ، _c2005 |
||
| 300 |
_a168 ص ؛ _c19 سم |
||
| 650 | 0 | 4 | _aالادب العربى |
| 650 | 0 | 4 | _aالقصص العربية |
| 650 | 0 | 4 | _aالطيب صالح |
| 942 |
_2ddc _cBK |
||
| 999 |
_c9757 _d9757 |
||